• 首页
  • 本馆介绍
  • 公告通知
  • 最新文献
  • 馆藏检索
  • 电子资源
  • 读者导购
  • 参考咨询
  • 我的图书馆
  • 登录
  • 详细信息显示
  • 放入我的书架
  • 预约/预借图书
  • 作者相关作品
  • 分类相关作品
  • 丛书相关作品
  • 出版社相关作品

书目信息

  • 表格格式
  • 工作单格式
  • 卡片格式
书名: Auditing
作者: John W. Cook, Gary M. Winkle.
分册号:
分册名:
出版地: Boston :
 
出版社: Houghton Mifflin
出版时间: c1980.
页数: xiii, 616 p. :
开本: 25 cm.
丛书名:
中图分类号:
科图分类号:
其他分类号: F231.6
主题词:
电子资源:
000 00768cam 2200265 i 45x0
001 E0738016876
003 OCoLC
005 20070225103400.53
008 040322s1980 maua b 001 0 eng
010    @a 79088718 //r92
020    @a0395286603.
040    @aDLC@cDLC
050 00 @aHF5667@b.C59 1980
082 00 @a657/.45
090    @aE986/W2
090    @aF231.6
099    @dF231.6@ex3
100 1  @aCook, John William,@d1929-
245 10 @aAuditing :@bphilosophy & technique / @cJohn W. Cook, Gary M. Winkle.
250    @a2d ed.
260    @aBoston :@bHoughton Mifflin,@cc1980.
300    @axiii, 616 p. :@bill. ;@c25 cm.
504    @aIncludes bibliographies and index.
650  0 @aAuditing.
700 1  @aWinkle, Gary M.@ejoint author.
    
    Auditing : : philosophy & technique / / John W. Cook, Gary M. Winkle.-2d ed.-Boston : : Houghton Mifflin, , c1980.
    xiii, 616 p. : : ill. ; ; 25 cm.
    Includes bibliographies and index.
    
    ISBN 0395286603.
    
●
相关链接 在E读中查询图书 在五车中查询图书 在当当中查询图书 在豆瓣中查询图书


正题名:Auditing     索取号:F231.6/x3         预约/预借

序号 登录号 条形码 馆藏地/架位号 状态 备注
1 180895   001170538   第二样本阅览室/ [索取号:F231.6/x3] 在馆    
2 180896   001170627   第四借阅区/ [索取号:F231.6/x3] 在馆    
唐山师范学院图书馆 欢迎您!
大连网信软件有限公司© 版权所有